000 00629cab a2200217 4500
001 ABS51252
008 090401t1994 xxu||||| |||| 00| 0 eng d
035 _a(Sirsi) u17387
041 _aeng
245 _aDoing an environmental audit
260 _c1994
350 _a0
490 _aFarmland Market
_v1(6) August 1994, 20-21(2)
520 _aExamines how a company should go about doing an environmental audit under BS 7750.
650 _aBS 7750
650 _aENVIRONMENTAL AUDITS
650 _aENVIRONMENTAL MANAGEMENT SYSTEMS
690 _aENVIRONMENTAL AND LAND CONSULTANCY
942 _n0
948 _c04/03/1997
999 _c11531
_d11531